[Event "DEM U8 2024"]
[Site "Willingen GER"]
[Date "2024.05.25"]
[Round "7"]
[White "Shtogrin, Joseph Stephan"]
[Black "Graf, Tom"]
[Result "0-1"]
[Termination "normal"]
[Board "15"]
[WhiteElo "1251"]
[BlackElo "1456"]
[WhiteClock "00:32:21"]
[BlackClock "00:43:54"]
[PlyCount "64"]
[WhiteFideId "34666087"]
[BlackFideId "34622420"]
[EventCountry "GER"]
[EventRounds "7"]
[EventType "swiss"]
[EventDate "2024.05.21"]

1. d4 {[%clk 01:00:29]} d5 {[%clk 01:00:24]} {[%emt 00:00:07]} 2. Bf4 {[%clk
01:00:39]} {[%emt 00:00:05]} Nf6 {[%clk 01:00:29]} {[%emt 00:00:10]} 3. e3
{[%clk 01:00:46]} {[%emt 00:00:08]} c5 {[%clk 01:00:08]} {[%emt 00:00:36]} 4.
c3 {[%clk 01:00:55]} {[%emt 00:00:06]} Nc6 {[%clk 01:00:16]} {[%emt 00:00:08]}
5. Nd2 {[%clk 01:00:54]} {[%emt 00:00:16]} Bf5 {[%clk 00:59:18]} {[%emt
00:01:13]} 6. Ngf3 {[%clk 01:00:47]} {[%emt 00:00:22]} e6 {[%clk 00:58:49]}
{[%emt 00:00:45]} 7. Bb5 {[%clk 01:00:34]} {[%emt 00:00:27]} Bd6 {[%clk
00:58:14]} {[%emt 00:00:50]} 8. Ne5 {[%clk 01:00:23]} {[%emt 00:00:27]} Bxe5
{[%clk 00:57:31]} {[%emt 00:00:56]} 9. Bxe5 {[%clk 00:58:16]} {[%emt 00:02:24]}
cxd4 {[%clk 00:57:13]} {[%emt 00:00:34]} 10. cxd4 {[%clk 00:57:40]} {[%emt
00:00:51]} a6 {[%clk 00:56:40]} {[%emt 00:00:49]} 11. Bxc6+ {[%clk 00:57:06]}
{[%emt 00:00:48]} bxc6 {[%clk 00:56:48]} {[%emt 00:00:07]} 12. Qc1 {[%clk
00:55:53]} {[%emt 00:01:28]} Qb6 {[%clk 00:56:04]} {[%emt 00:00:59]} 13. Bxf6
{[%clk 00:55:04]} {[%emt 00:01:04]} gxf6 {[%clk 00:56:06]} {[%emt 00:00:13]}
14. O-O {[%clk 00:54:40]} {[%emt 00:00:40]} Rg8 {[%clk 00:56:03]} {[%emt
00:00:18]} 15. Re1 {[%clk 00:54:36]} {[%emt 00:00:18]} Bh3 {[%clk 00:54:13]}
{[%emt 00:02:06]} 16. g3 {[%clk 00:54:31]} {[%emt 00:00:20]} h5 {[%clk
00:51:52]} {[%emt 00:02:36]} 17. Nf3 {[%clk 00:54:10]} {[%emt 00:00:36]} Rc8
{[%clk 00:51:27]} {[%emt 00:00:41]} 18. Kh1 {[%clk 00:53:31]} {[%emt 00:00:53]}
Kd7 {[%clk 00:50:03]} {[%emt 00:01:39]} 19. Ng1 {[%clk 00:53:20]} {[%emt
00:00:26]} Bg4 {[%clk 00:49:32]} {[%emt 00:00:46]} 20. f3 {[%emt 00:00:39]} Bf5
{[%clk 00:49:09]} {[%emt 00:00:30]} 21. e4 {[%clk 00:52:47]} {[%emt 00:00:32]}
dxe4 {[%clk 00:49:08]} {[%emt 00:00:16]} 22. fxe4 {[%clk 00:52:15]} {[%emt
00:00:47]} Bg4 {[%clk 00:48:11]} {[%emt 00:01:13]} 23. h3 {[%clk 00:52:12]}
{[%emt 00:00:17]} Bxh3 {[%clk 00:47:48]} {[%emt 00:00:39]} 24. Nxh3 {[%clk
00:51:45]} {[%emt 00:00:41]} Rxg3 {[%clk 00:47:15]} {[%emt 00:00:48]} 25. Ng1
{[%clk 00:51:27]} {[%emt 00:00:33]} Rcg8 {[%clk 00:46:38]} {[%emt 00:00:52]}
26. b3 {[%clk 00:50:06]} {[%emt 00:01:35]} R8g4 {[%clk 00:45:06]} {[%emt
00:01:49]} 27. Kh2 {[%clk 00:48:09]} {[%emt 00:02:10]} Qc7 {[%clk 00:44:25]}
{[%emt 00:00:57]} 28. e5 {[%clk 00:47:02]} {[%emt 00:01:22]} Qd8 {[%clk
00:44:08]} {[%emt 00:00:32]} 29. Rd1 {[%clk 00:45:35]} {[%emt 00:01:41]} Qg8
{[%clk 00:43:55]} {[%emt 00:00:29]} 30. Nh3 {[%clk 00:33:59]} {[%emt 00:11:50]}
Rxh3+ {[%clk 00:43:55]} {[%emt 00:00:15]} 31. Kxh3 {[%clk 00:32:56]} {[%emt
00:01:16]} Rh4+ {[%clk 00:44:03]} {[%emt 00:00:09]} 32. Kxh4 {[%clk 00:32:21]}
{[%emt 00:00:50]} Qg4# {[%clk 00:43:54]} {[%emt 00:00:08]} 0-1

[Event "DEM U8 2024"]
[Site "Willingen GER"]
[Date "2024.05.25"]
[Round "7"]
[White "Chanishvili, Noa"]
[Black "Gerhardt, Noah"]
[Result "1-0"]
[Termination "normal"]
[Board "16"]
[WhiteElo "1106"]
[BlackElo "1244"]
[WhiteClock "00:53:32"]
[BlackClock "00:42:06"]
[PlyCount "101"]
[WhiteFideId "34698264"]
[BlackFideId "34696083"]
[EventCountry "GER"]
[EventRounds "7"]
[EventType "swiss"]
[EventDate "2024.05.21"]

1. e4 {[%clk 01:00:28]} {[%emt 00:00:01]} e5 {[%clk 01:00:23]} {[%emt
00:00:08]} 2. Bc4 {[%clk 01:00:38]} {[%emt 00:00:05]} Nf6 {[%clk 01:00:14]}
{[%emt 00:00:23]} 3. Nc3 {[%clk 01:00:48]} {[%emt 00:00:06]} Bc5 {[%clk
01:00:12]} {[%emt 00:00:17]} 4. d3 {[%clk 01:00:53]} {[%emt 00:00:10]} h6
{[%clk 01:00:18]} {[%emt 00:00:08]} 5. Be3 {[%clk 01:00:58]} {[%emt 00:00:11]}
Bxe3 {[%clk 01:00:03]} {[%emt 00:00:30]} 6. fxe3 {[%clk 01:01:06]} {[%emt
00:00:08]} O-O {[%clk 00:59:56]} {[%emt 00:00:19]} 7. h3 {[%clk 01:01:08]}
{[%emt 00:00:16]} Nc6 {[%clk 00:59:38]} {[%emt 00:00:33]} 8. Nf3 {[%clk
01:01:15]} {[%emt 00:00:08]} d6 {[%clk 00:58:50]} {[%emt 00:01:02]} 9. O-O
{[%clk 01:00:12]} {[%emt 00:01:19]} Na5 {[%clk 00:58:25]} {[%emt 00:00:40]} 10.
Bb3 {[%clk 01:00:18]} {[%emt 00:00:09]} Nxb3 {[%clk 00:58:32]} {[%emt
00:00:08]} 11. axb3 {[%clk 01:00:26]} {[%emt 00:00:07]} Be6 {[%clk 00:58:37]}
{[%emt 00:00:09]} 12. Qe1 {[%clk 01:00:04]} {[%emt 00:00:37]} Re8 {[%clk
00:58:13]} {[%emt 00:00:39]} 13. Qh4 {[%clk 00:58:42]} {[%emt 00:01:37]} Nd7
{[%clk 00:57:03]} {[%emt 00:01:25]} 14. Qg3 {[%clk 00:58:30]} {[%emt 00:00:27]}
Nb6 {[%clk 00:55:29]} {[%emt 00:01:49]} 15. d4 {[%clk 00:57:43]} {[%emt
00:01:02]} exd4 {[%clk 00:55:13]} {[%emt 00:00:31]} 16. exd4 {[%clk 00:57:32]}
{[%emt 00:00:26]} d5 {[%clk 00:53:53]} {[%emt 00:01:35]} 17. e5 {[%clk
00:57:20]} {[%emt 00:00:28]} Bf5 {[%clk 00:53:24]} {[%emt 00:00:43]} 18. Rac1
{[%clk 00:56:47]} {[%emt 00:00:49]} Qe7 {[%clk 00:51:57]} {[%emt 00:01:42]} 19.
Nh4 {[%clk 00:56:06]} {[%emt 00:00:56]} Bd7 {[%clk 00:51:14]} {[%emt 00:00:55]}
20. Nf5 {[%clk 00:56:05]} {[%emt 00:00:18]} Bxf5 {[%clk 00:50:56]} {[%emt
00:00:33]} 21. Rxf5 {[%clk 00:56:08]} {[%emt 00:00:12]} c5 {[%clk 00:50:07]}
{[%emt 00:01:04]} 22. Nb5 {[%clk 00:55:00]} {[%emt 00:01:24]} Qd7 {[%clk
00:49:09]} {[%emt 00:01:12]} 23. Nd6 {[%clk 00:54:45]} {[%emt 00:00:31]} Re7
{[%clk 00:47:06]} {[%emt 00:02:16]} 24. Rcf1 {[%clk 00:54:47]} {[%emt
00:00:15]} g6 {[%clk 00:43:56]} {[%emt 00:03:24]} 25. Rxf7 {[%clk 00:54:24]}
{[%emt 00:00:39]} Qe6 {[%clk 00:43:26]} {[%emt 00:00:45]} 26. Rxe7 {[%clk
00:53:59]} {[%emt 00:00:39]} Qxe7 {[%clk 00:43:22]} {[%emt 00:00:20]} 27. Qxg6+
{[%clk 00:54:02]} {[%emt 00:00:12]} Qg7 {[%clk 00:43:14]} {[%emt 00:00:21]} 28.
Qxg7+ {[%clk 00:53:56]} {[%emt 00:00:24]} Kxg7 {[%clk 00:43:19]} {[%emt
00:00:10]} 29. dxc5 {[%clk 00:53:53]} {[%emt 00:00:18]} Nc8 {[%emt 00:01:45]}
30. Rf7+ {[%emt 00:01:04]} Kg6 {[%clk 00:41:04]} {[%emt 00:00:27]} 31. Rf8
{[%clk 00:53:28]} {[%emt 00:00:24]} Nxd6 {[%clk 00:40:58]} {[%emt 00:00:21]}
32. Rxa8 {[%clk 00:53:11]} {[%emt 00:00:32]} Nb5 {[%clk 00:40:29]} {[%emt
00:00:44]} 33. c4 {[%clk 00:52:40]} {[%emt 00:00:45]} dxc4 {[%clk 00:40:30]}
{[%emt 00:00:14]} 34. bxc4 {[%clk 00:52:48]} {[%emt 00:00:08]} Nc7 {[%clk
00:40:37]} {[%emt 00:00:07]} 35. Rxa7 {[%clk 00:52:48]} {[%emt 00:00:16]} Ne6
{[%clk 00:40:44]} {[%emt 00:00:08]} 36. Rxb7 {[%clk 00:52:43]} {[%emt
00:00:19]} Ng7 {[%clk 00:40:37]} {[%emt 00:00:23]} 37. Rxg7+ {[%clk 00:52:41]}
{[%emt 00:00:17]} Kxg7 {[%clk 00:40:44]} {[%emt 00:00:08]} 38. c6 {[%clk
00:52:51]} {[%emt 00:00:06]} Kg6 {[%clk 00:40:52]} {[%emt 00:00:06]} 39. c7
{[%clk 00:52:58]} {[%emt 00:00:07]} Kg7 {[%clk 00:41:00]} {[%emt 00:00:08]} 40.
c8=Q {[%clk 00:53:00]} {[%emt 00:00:12]} Kg6 {[%clk 00:41:12]} {[%emt
00:00:03]} 41. Qf8 {[%clk 00:52:58]} {[%emt 00:00:18]} Kh7 {[%clk 00:41:11]}
{[%emt 00:00:16]} 42. g4 {[%clk 00:52:59]} {[%emt 00:00:14]} Kg6 {[%clk
00:41:17]} {[%emt 00:00:09]} 43. h4 {[%clk 00:53:04]} {[%emt 00:00:09]} Kh7
{[%clk 00:41:26]} {[%emt 00:00:07]} 44. g5 {[%clk 00:53:07]} {[%emt 00:00:12]}
hxg5 {[%clk 00:41:24]} {[%emt 00:00:17]} 45. hxg5 {[%clk 00:53:02]} {[%emt
00:00:20]} Kg6 {[%clk 00:41:30]} {[%emt 00:00:09]} 46. Kf2 {[%clk 00:53:11]}
{[%emt 00:00:06]} Kxg5 {[%clk 00:41:32]} {[%emt 00:00:13]} 47. Qf6+ {[%clk
00:53:12]} {[%emt 00:00:13]} Kg4 {[%clk 00:41:41]} {[%emt 00:00:06]} 48. Ke3
{[%clk 00:53:14]} {[%emt 00:00:12]} Kg3 {[%clk 00:41:51]} {[%emt 00:00:07]} 49.
Qg5 {[%clk 00:53:20]} {[%emt 00:00:09]} Kh3 {[%clk 00:41:57]} {[%emt 00:00:10]}
50. Kf2 {[%clk 00:53:24]} {[%emt 00:00:09]} Kh2 {[%clk 00:42:06]} {[%emt
00:00:07]} 51. Qg2 {[%clk 00:53:32]} {[%emt 00:00:07]} 1-0

[Event "DEM U8 2024"]
[Site "Willingen GER"]
[Date "2024.05.25"]
[Round "7"]
[White "Stanisic, Lukas"]
[Black "Mukazhanov, Arslan"]
[Result "1-0"]
[Termination "normal"]
[Board "19"]
[WhiteElo "1677"]
[BlackElo "1567"]
[WhiteClock "00:35:26"]
[BlackClock "00:05:58"]
[PlyCount "95"]
[WhiteFideId "79316433"]
[BlackFideId "34647686"]
[EventCountry "GER"]
[EventRounds "7"]
[EventType "swiss"]
[EventDate "2024.05.21"]

1. e4 {[%clk 01:00:28]} {[%emt 00:00:02]} e5 {[%clk 01:00:19]} {[%emt
00:00:12]} 2. Nf3 {[%clk 01:00:35]} {[%emt 00:00:08]} Nc6 {[%clk 01:00:32]}
{[%emt 00:00:02]} 3. d4 {[%clk 01:00:36]} {[%emt 00:00:14]} exd4 {[%clk
01:00:41]} {[%emt 00:00:08]} 4. Bc4 {[%clk 01:00:41]} {[%emt 00:00:09]} Nf6
{[%clk 01:00:22]} {[%emt 00:00:33]} 5. e5 {[%clk 01:00:48]} {[%emt 00:00:08]}
d5 {[%clk 01:00:30]} {[%emt 00:00:06]} 6. Bb5 {[%clk 01:00:57]} {[%emt
00:00:07]} Ne4 {[%clk 00:59:06]} {[%emt 00:01:39]} 7. Nxd4 {[%clk 01:01:01]}
{[%emt 00:00:10]} Bd7 {[%clk 00:55:47]} {[%emt 00:03:35]} 8. Bxc6 {[%clk
01:01:01]} {[%emt 00:00:14]} Bxc6 {[%clk 00:55:42]} {[%emt 00:00:21]} 9. Nxc6
{[%emt 00:00:29]} bxc6 {[%clk 00:55:46]} {[%emt 00:00:09]} 10. O-O {[%clk
01:00:37]} {[%emt 00:00:27]} Bc5 {[%clk 00:54:21]} {[%emt 00:01:40]} 11. Qg4
{[%clk 00:58:42]} {[%emt 00:02:05]} Rg8 {[%clk 00:48:34]} {[%emt 00:06:08]} 12.
e6 {[%clk 00:58:14]} {[%emt 00:00:41]} Qf6 {[%clk 00:47:50]} {[%emt 00:00:59]}
13. exf7+ {[%clk 00:57:21]} {[%emt 00:01:09]} Qxf7 {[%clk 00:47:40]} {[%emt
00:00:25]} 14. Be3 {[%clk 00:55:50]} {[%emt 00:01:45]} Bd6 {[%clk 00:43:54]}
{[%emt 00:04:02]} 15. Nd2 {[%clk 00:54:12]} {[%emt 00:01:49]} Nf6 {[%clk
00:42:50]} {[%emt 00:01:23]} 16. Qa4 {[%clk 00:54:15]} {[%emt 00:00:13]} Qd7
{[%clk 00:42:17]} {[%emt 00:00:47]} 17. Qa6 {[%clk 00:53:59]} {[%emt 00:00:31]}
h5 {[%clk 00:39:41]} {[%emt 00:02:51]} 18. Rfe1 {[%clk 00:53:33]} {[%emt
00:00:34]} Kf7 {[%clk 00:39:27]} {[%emt 00:00:35]} 19. Nf3 {[%clk 00:52:48]}
{[%emt 00:00:58]} h4 {[%clk 00:39:00]} {[%emt 00:00:44]} 20. Ng5+ {[%clk
00:52:36]} {[%emt 00:00:25]} Kf8 {[%clk 00:37:56]} {[%emt 00:01:22]} 21. Qd3
{[%clk 00:51:11]} {[%emt 00:01:34]} Rh8 {[%clk 00:34:09]} {[%emt 00:04:06]} 22.
Bd4 {[%clk 00:50:09]} {[%emt 00:01:18]} Rh5 {[%clk 00:27:55]} {[%emt 00:06:26]}
23. Qg6 {[%clk 00:49:30]} {[%emt 00:00:53]} Rh6 {[%clk 00:23:14]} {[%emt
00:04:58]} 24. Qd3 {[%clk 00:48:55]} {[%emt 00:00:51]} c5 {[%clk 00:21:46]}
{[%emt 00:01:43]} 25. Ne6+ {[%clk 00:46:31]} {[%emt 00:02:39]} Kf7 {[%clk
00:20:45]} {[%emt 00:01:15]} 26. Bxc5 {[%clk 00:45:32]} {[%emt 00:01:16]} Bxc5
{[%clk 00:19:40]} {[%emt 00:01:19]} 27. Nxc5 {[%clk 00:44:54]} {[%emt
00:00:54]} Qc8 {[%clk 00:19:17]} {[%emt 00:00:36]} 28. Re5 {[%clk 00:44:00]}
{[%emt 00:01:04]} h3 {[%clk 00:17:34]} {[%emt 00:02:04]} 29. Rf5 {[%clk
00:43:13]} {[%emt 00:01:01]} c6 {[%clk 00:17:04]} {[%emt 00:00:45]} 30. Rg5
{[%clk 00:41:54]} {[%emt 00:01:26]} hxg2 {[%clk 00:16:09]} {[%emt 00:01:18]}
31. Rxg2 {[%clk 00:41:57]} {[%emt 00:00:13]} Qc7 {[%clk 00:15:24]} {[%emt
00:01:01]} 32. Rxg7+ {[%clk 00:41:41]} {[%emt 00:00:30]} Kxg7 {[%clk 00:14:06]}
{[%emt 00:01:33]} 33. Ne6+ {[%clk 00:41:48]} {[%emt 00:00:08]} Kf7 {[%clk
00:13:56]} {[%emt 00:00:27]} 34. Nxc7 {[%clk 00:41:37]} {[%emt 00:00:25]} Rg8+
{[%clk 00:13:27]} {[%emt 00:00:45]} 35. Kf1 {[%clk 00:40:39]} {[%emt 00:01:09]}
Rxh2 {[%clk 00:13:20]} {[%emt 00:00:24]} 36. Ke2 {[%clk 00:40:33]} {[%emt
00:00:19]} Rc8 {[%clk 00:13:01]} {[%emt 00:00:36]} 37. Qg3 {[%clk 00:40:10]}
{[%emt 00:00:34]} Rh5 {[%clk 00:12:04]} {[%emt 00:01:15]} 38. Rg1 {[%clk
00:40:03]} {[%emt 00:00:22]} Rh7 {[%clk 00:10:23]} {[%emt 00:01:56]} 39. Qg6+
{[%clk 00:40:07]} {[%emt 00:00:11]} Ke7 {[%clk 00:10:13]} {[%emt 00:00:26]} 40.
Rg5 {[%clk 00:38:48]} {[%emt 00:01:18]} Rxc7 {[%clk 00:09:31]} {[%emt
00:01:13]} 41. Re5+ {[%clk 00:38:36]} {[%emt 00:00:25]} Kd8 {[%clk 00:08:57]}
{[%emt 00:00:49]} 42. Qxf6+ {[%clk 00:38:31]} {[%emt 00:00:20]} Kc8 {[%clk
00:07:25]} {[%emt 00:01:48]} 43. Re6 {[%clk 00:37:46]} {[%emt 00:00:58]} Kb7
{[%clk 00:07:08]} {[%emt 00:00:30]} 44. Qc3 {[%clk 00:37:21]} {[%emt 00:00:44]}
Rhd7 {[%clk 00:06:13]} {[%emt 00:01:11]} 45. Qb4+ {[%clk 00:36:47]} {[%emt
00:00:49]} Kc8 {[%clk 00:06:16]} {[%emt 00:00:12]} 46. Re8+ {[%clk 00:36:12]}
{[%emt 00:00:50]} Rd8 {[%clk 00:06:19]} {[%emt 00:00:13]} 47. Qf8 {[%clk
00:35:39]} {[%emt 00:00:47]} Re7+ {[%clk 00:05:58]} {[%emt 00:00:37]} 48. Qxe7
{[%clk 00:35:26]} {[%emt 00:00:27]} 1-0

[Event "DEM U8 2024"]
[Site "Willingen GER"]
[Date "2024.05.25"]
[Round "7"]
[White "Wang, Kaichen"]
[Black "Liu, Yining"]
[Result "0-1"]
[Termination "normal"]
[Board "20"]
[WhiteElo "1599"]
[BlackElo "1210"]
[WhiteClock "00:28:56"]
[BlackClock "00:42:30"]
[PlyCount "114"]
[WhiteFideId "34626891"]
[BlackFideId "8655049"]
[EventCountry "GER"]
[EventRounds "7"]
[EventType "swiss"]
[EventDate "2024.05.21"]

1. d4 {[%clk 01:00:29]} d5 {[%clk 01:00:16]} {[%emt 00:00:15]} 2. c4 {[%clk
01:00:33]} {[%emt 00:00:12]} e6 {[%clk 01:00:22]} {[%emt 00:00:07]} 3. Nc3
{[%clk 01:00:40]} {[%emt 00:00:07]} Nf6 {[%clk 01:00:25]} {[%emt 00:00:13]} 4.
cxd5 {[%clk 01:00:47]} {[%emt 00:00:07]} exd5 {[%emt 00:00:11]} 5. Bg5 {[%emt
00:00:11]} Be7 {[%clk 01:00:10]} {[%emt 00:00:09]} 6. Nf3 {[%clk 01:00:48]}
{[%emt 00:00:15]} c6 {[%clk 01:00:08]} {[%emt 00:00:17]} 7. e3 {[%clk
01:00:54]} {[%emt 00:00:09]} Nbd7 {[%clk 01:00:00]} {[%emt 00:00:24]} 8. h3
{[%clk 01:00:51]} {[%emt 00:00:16]} Nf8 {[%clk 01:00:04]} {[%emt 00:00:11]} 9.
Bd3 {[%clk 01:00:45]} {[%emt 00:00:20]} Ne6 {[%clk 01:00:06]} {[%emt 00:00:14]}
10. Bxf6 {[%clk 01:00:41]} {[%emt 00:00:20]} Bxf6 {[%clk 01:00:10]} {[%emt
00:00:09]} 11. O-O {[%clk 01:00:40]} {[%emt 00:00:16]} O-O {[%clk 01:00:12]}
{[%emt 00:00:13]} 12. e4 {[%clk 01:00:34]} {[%emt 00:00:21]} dxe4 {[%clk
00:59:53]} {[%emt 00:00:34]} 13. Bxe4 {[%clk 01:00:25]} {[%emt 00:00:24]} Nxd4
{[%clk 00:59:43]} {[%emt 00:00:26]} 14. Nxd4 {[%clk 00:59:57]} {[%emt
00:00:43]} Qxd4 {[%clk 00:59:45]} {[%emt 00:00:13]} 15. Qc2 {[%clk 01:00:03]}
{[%emt 00:00:08]} g6 {[%clk 00:59:49]} {[%emt 00:00:12]} 16. Rad1 {[%clk
00:59:44]} {[%emt 00:00:34]} Qb6 {[%clk 00:59:04]} {[%emt 00:01:00]} 17. Na4
{[%clk 00:59:12]} {[%emt 00:00:46]} Qc7 {[%clk 00:59:00]} {[%emt 00:00:19]} 18.
Rfe1 {[%clk 00:58:41]} {[%emt 00:00:46]} Be6 {[%clk 00:58:45]} {[%emt
00:00:30]} 19. b3 {[%clk 00:58:33]} {[%emt 00:00:24]} Rad8 {[%clk 00:58:10]}
{[%emt 00:00:50]} 20. Nc5 {[%clk 00:58:14]} {[%emt 00:00:34]} Bg7 {[%clk
00:57:07]} {[%emt 00:01:18]} 21. Nxe6 {[%clk 00:57:50]} {[%emt 00:00:38]} fxe6
{[%clk 00:56:57]} {[%emt 00:00:26]} 22. b4 {[%clk 00:57:22]} {[%emt 00:00:43]}
Qb6 {[%clk 00:56:53]} {[%emt 00:00:19]} 23. a3 {[%clk 00:55:10]} {[%emt
00:02:27]} Bd4 {[%clk 00:55:39]} {[%emt 00:01:30]} 24. Bf3 {[%clk 00:55:07]}
{[%emt 00:00:17]} e5 {[%clk 00:55:18]} {[%emt 00:00:36]} 25. Qc4+ {[%clk
00:53:36]} {[%emt 00:01:46]} Kh8 {[%clk 00:55:06]} {[%emt 00:00:27]} 26. Qc2
{[%clk 00:52:52]} {[%emt 00:00:54]} e4 {[%clk 00:54:54]} {[%emt 00:00:33]} 27.
Qxe4 {[%clk 00:48:16]} {[%emt 00:04:49]} Bxf2+ {[%clk 00:54:52]} {[%emt
00:00:18]} 28. Kf1 {[%clk 00:47:47]} {[%emt 00:00:41]} Bxe1 {[%clk 00:54:22]}
{[%emt 00:00:48]} 29. Qe5+ {[%clk 00:46:20]} {[%emt 00:01:41]} Kg8 {[%clk
00:50:57]} {[%emt 00:03:40]} 30. Qe6+ {[%clk 00:46:27]} {[%emt 00:00:08]} Kg7
{[%emt 00:00:37]} 31. Qe7+ {[%clk 00:44:09]} {[%emt 00:02:24]} Rf7 {[%emt
00:00:56]} 32. Qxe1 {[%emt 00:01:09]} Qb5+ {[%emt 00:00:27]} 33. Kg1 {[%emt
00:00:27]} Rxd1 {[%emt 00:00:35]} 34. Qxd1 {[%clk 00:43:05]} {[%emt 00:00:03]}
Qe5 {[%emt 00:02:49]} 35. Kh1 {[%emt 00:00:30]} Re7 {[%emt 00:01:06]} 36. Qd3
{[%emt 00:02:12]} Qe1+ {[%clk 00:48:38]} {[%emt 00:00:03]} 37. Kh2 {[%emt
00:00:20]} Qe5+ {[%emt 00:00:31]} 38. Kh1 {[%emt 00:01:46]} Qf4 {[%clk
00:47:45]} {[%emt 00:00:26]} 39. Qc3+ {[%emt 00:00:51]} Qf6 {[%emt 00:00:37]}
40. Qd2 {[%emt 00:01:46]} Qa1+ {[%clk 00:47:12]} {[%emt 00:00:02]} 41. Kh2
{[%emt 00:00:24]} Qe5+ {[%clk 00:47:13]} {[%emt 00:00:04]} 42. g3 {[%emt
00:00:50]} Rf7 {[%emt 00:01:04]} 43. Bg2 {[%emt 00:00:37]} Qf6 {[%emt
00:00:44]} 44. a4 {[%clk 00:34:50]} {[%emt 00:00:01]} b5 {[%emt 00:00:57]} 45.
a5 {[%clk 00:34:37]} {[%emt 00:00:03]} a6 {[%emt 00:00:33]} 46. Qc2 {[%clk
00:34:24]} {[%emt 00:00:06]} Qd6 {[%emt 00:01:06]} 47. Qc3+ {[%emt 00:00:43]}
Kg8 {[%clk 00:45:06]} {[%emt 00:00:01]} 48. Bxc6 {[%clk 00:33:22]} {[%emt
00:01:09]} Rf2+ {[%clk 00:44:53]} {[%emt 00:00:28]} 49. Bg2 {[%clk 00:33:28]}
{[%emt 00:00:09]} Qd5 {[%clk 00:44:24]} {[%emt 00:00:44]} 50. Qc8+ {[%clk
00:33:02]} {[%emt 00:00:40]} Kg7 {[%clk 00:44:16]} {[%emt 00:00:25]} 51. Qc7+
{[%clk 00:32:54]} {[%emt 00:00:20]} Kh6 {[%clk 00:44:12]} {[%emt 00:00:19]} 52.
Qc1+ {[%clk 00:32:05]} {[%emt 00:01:05]} Qd2 {[%clk 00:43:46]} {[%emt
00:00:41]} 53. Qg1 {[%clk 00:31:47]} {[%emt 00:00:33]} g5 {[%clk 00:43:34]}
{[%emt 00:00:27]} 54. g4 {[%clk 00:29:37]} {[%emt 00:02:26]} Qf4+ {[%clk
00:43:29]} {[%emt 00:00:20]} 55. Kh1 {[%clk 00:29:40]} {[%emt 00:00:11]} Qg3
{[%clk 00:42:45]} {[%emt 00:00:59]} 56. Bb7 {[%clk 00:28:55]} {[%emt 00:01:02]}
Qxh3+ {[%clk 00:42:30]} {[%emt 00:00:26]} 57. Qh2 {[%clk 00:28:56]} {[%emt
00:00:15]} Rf1# {[%emt 00:01:07]} 0-1